[Event "FIDE Women's Grand Prix"]
[Site "Instanbul TUR"]
[Date "2009.03.07"]
[Round "1"]
[White "Fierro Baquero, M."]
[Black "Mamedjarova, Z."]
[Result "1-0"]
[WhiteElo "2403"]
[BlackElo "2362"]
[PlyCount "59"]
[EventDate "2009.03.07"]

1. e4 e5 2. Nf3 Nc6 3. Bb5 a6 4. Ba4 Nf6 5. d3 d6 6. c3 g6 7. O-O Bg7 8. Re1
O-O 9. Nbd2 Nd7 10. Nf1 Nc5 11. Bc2 Ne6 12. Ng3 Qe7 13. Be3 f5 14. exf5 gxf5
15. Bc1 d5 16. Bb3 e4 17. dxe4 fxe4 18. Nd4 Ncxd4 19. cxd4 c6 20. Be3 Kh8 21.
Qd2 Qf7 22. Rf1 Bd7 23. f3 exf3 24. Rxf3 Qe7 25. Raf1 Nc7 26. Bc2 Bg4 27. Qd3
Qh4 28. Bg5 Bxf3 29. Bxh4 Be4 30. Nxe4 1-0

[Event "FIDE Women's Grand Prix"]
[Site "Instanbul TUR"]
[Date "2009.03.08"]
[Round "2"]
[White "Koneru, H."]
[Black "Danielian, E."]
[Result "1-0"]
[WhiteElo "2621"]
[BlackElo "2496"]
[PlyCount "61"]
[EventDate "2009.03.07"]

1. c4 c5 2. Nf3 Nc6 3. Nc3 Nf6 4. g3 g6 5. Bg2 Bg7 6. O-O O-O 7. d4 cxd4 8.
Nxd4 Nxd4 9. Qxd4 d6 10. Qh4 Rb8 11. h3 Be6 12. Be3 Qa5 13. Rac1 Rfc8 14. b3 a6
15. Qg5 b5 16. Ba7 Ra8 17. Bd4 h6 18. Qe3 bxc4 19. Bxa8 Rxa8 20. bxc4 Bxh3 21.
Qxe7 Re8 22. Qxd6 Bxf1 23. Kxf1 Qg5 24. Qf4 Qxf4 25. gxf4 Nd7 26. e3 Rb8 27.
Nd5 Bf8 28. c5 Bxc5 29. Bxc5 Rb5 30. Ne7+ Kf8 31. Bd6 1-0

[Event "FIDE Women's Grand Prix"]
[Site "Instanbul TUR"]
[Date "2009.03.08"]
[Round "2"]
[White "Mamedjarova, Z."]
[Black "Hou Yifan"]
[Result "0-1"]
[WhiteElo "2362"]
[BlackElo "2571"]
[PlyCount "86"]
[EventDate "2009.03.07"]

1. d4 Nf6 2. c4 e6 3. Nf3 c5 4. d5 d6 5. Nc3 exd5 6. cxd5 g6 7. e4 a6 8. h3 b5
9. Bd3 Bg7 10. O-O O-O 11. Re1 Nbd7 12. Bf4 Qb6 13. Rc1 c4 14. Bb1 Bb7 15. Qd2
Rfe8 16. Be3 Qd8 17. Bd4 Rc8 18. a3 Nc5 19. Bc2 Rc7 20. Re2 Rc8 21. Rd1 Qd7 22.
Qg5 Qe7 23. Rde1 h6 24. Qd2 Qf8 25. Nh2 Re7 26. f4 Rd8 27. Nf3 Qe8 28. Re3 Qd7
29. Qf2 Qe8 30. R3e2 Rc8 31. Qh4 Ncd7 32. Kh1 Qf8 33. Qf2 Rce8 34. Na2 Nh5 35.
Bxg7 Qxg7 36. Nh2 Qxb2 37. Bb1 Qf6 38. g3 Bxd5 39. Ng4 Qg7 40. Rd2 Bxe4+ 41.
Bxe4 Rxe4 42. Rxe4 Rxe4 43. Rxd6 Re2 0-1

[Event "FIDE Women's Grand Prix"]
[Site "Instanbul TUR"]
[Date "2009.03.09"]
[Round "3"]
[White "Zhao Xue"]
[Black "Mamedjarova, Z."]
[Result "1-0"]
[WhiteElo "2508"]
[BlackElo "2362"]
[PlyCount "75"]
[EventDate "2009.03.07"]

1. d4 Nf6 2. Nf3 g6 3. c4 Bg7 4. Nc3 d5 5. e3 O-O 6. b4 a5 7. b5 dxc4 8. Bxc4
Nbd7 9. O-O Nb6 10. Bd3 Nfd5 11. Nxd5 Nxd5 12. h3 Nb4 13. Bc4 Bf5 14. Qe2 Nc2
15. g4 Nxa1 16. gxf5 Qd7 17. fxg6 Qxh3 18. gxf7+ Kh8 19. Nh2 e6 20. Kh1 Rxf7
21. Bb2 Be5 22. dxe5 Rg8 23. Bd5 Rfg7 24. Qf3 Qxf3+ 25. Nxf3 Rf8 26. Bxb7 Nc2
27. a3 c5 28. Bc6 Rg4 29. Rc1 Rc4 30. b6 Rb8 31. b7 a4 32. Kg2 Kg7 33. Kf1 Kf7
34. Ke2 Rd8 35. Bb5 Nd4+ 36. exd4 Rxc1 37. Bxc1 cxd4 38. Nxd4 1-0

[Event "FIDE Women's Grand Prix"]
[Site "Instanbul TUR"]
[Date "2009.03.12"]
[Round "5"]
[White "Zhao Xue"]
[Black "Cramling, P."]
[Result "1-0"]
[WhiteElo "2508"]
[BlackElo "2548"]
[PlyCount "105"]
[EventDate "2009.03.07"]

1. d4 d6 2. Nf3 g6 3. c4 Bg7 4. Nc3 Bg4 5. Bg5 c6 6. Qd2 Nd7 7. h3 Bxf3 8. exf3
Ngf6 9. Be2 d5 10. cxd5 cxd5 11. O-O O-O 12. Rfc1 Nb8 13. Na4 Nc6 14. Bb5 Na5
15. Nc5 Qb6 16. Bf1 Rfc8 17. Rc3 Nc6 18. Be3 Ne8 19. Rb3 Qa5 20. Qd1 Nd6 21.
Nxb7 Nxb7 22. Rxb7 Rab8 23. Rxb8 Rxb8 24. Rc1 Nd8 25. Bf4 Ra8 26. a3 Qb6 27. b4
Qxd4 28. Be3 Qxd1 29. Rxd1 e6 30. Ba6 Bf8 31. Rc1 e5 32. Rc7 d4 33. Bd2 Ne6 34.
Rd7 Kg7 35. h4 Kf6 36. Kf1 h6 37. Ke2 g5 38. hxg5+ hxg5 39. g3 Be7 40. Bc4 a6
41. Rb7 Bd8 42. Bd5 Rc8 43. Ra7 a5 44. bxa5 Rc5 45. Bb3 g4 46. a6 gxf3+ 47.
Kxf3 Rc6 48. Bd5 Rd6 49. Bc4 Ng5+ 50. Bxg5+ Kxg5 51. Rb7 d3 52. a7 d2 53. Rb1
1-0

[Event "FIDE Women's Grand Prix"]
[Site "Instanbul TUR"]
[Date "2009.03.15"]
[Round "8"]
[White "Koneru, H."]
[Black "Mamedjarova, Z."]
[Result "1-0"]
[WhiteElo "2621"]
[BlackElo "2362"]
[PlyCount "75"]
[EventDate "2009.03.07"]

1. d4 Nf6 2. c4 e6 3. Nc3 d5 4. cxd5 exd5 5. Bg5 Be7 6. e3 O-O 7. Bd3 c6 8. Qc2
h6 9. Bh4 Re8 10. Nge2 Nbd7 11. f3 c5 12. O-O c4 13. Bf5 Nf8 14. Bxc8 Rxc8 15.
Rad1 Ng6 16. Bxf6 Bxf6 17. e4 dxe4 18. fxe4 Qd7 19. e5 Be7 20. Ng3 Bf8 21. Nf5
Re6 22. h4 Rc7 23. h5 Ne7 24. Nd6 f6 25. Ncb5 Rc6 26. d5 Rxe5 27. dxc6 Qxc6 28.
Nxa7 Qb6+ 29. Qf2 Qa6 30. Nab5 Nc6 31. Nc3 Nb4 32. Qd4 Nd3 33. Qxc4+ Qxc4 34.
Nxc4 Bc5+ 35. Kh2 Rxh5+ 36. Kg3 Nf2 37. Rd5 Ne4+ 38. Kf3 1-0